Japonic languages with a map - Statistics

General Stats
  • This quiz has been taken 458 times
  • The average score is 3 of 15
Answers on the Map
Answers color-coded by a green-red scale on the quiz's map according to % correct below.
 
Answer Stats
Language % Correct
Japanese
99%
Central Okinawan
74%
Kunigami
23%
Kagoshima
17%
Yaeyama
16%
Miyako
15%
Yonaguni
15%
Hachijo
13%
Kikai
9%
Okinoerabu
9%
Tokunoshima
9%
Tsugaru
9%
Yoron
9%
Northern Amami-Oshima
6%
Southern Amami-Oshima
6%
No matching quizzes found
Score Distribution
Percent of People with Each Score
Percentile by Number Answered
Your Score History
You have not taken this quiz